000 00951cam a22003137a 4500
003 CHAP
005 20220817043903.0
008 010926d mx r 00110 spa d
010 _a87107
011 _a88079
020 _a9253027436
035 _a98624
040 _cCHAP
090 _aFolleto 16580
110 2 _aFAO
245 1 0 _aPiscicultura en agua dulce :
_bla cría de peces en corrales y jaulas
_c/por FAO
260 _aRoma :
_bFAO,
_c1990.
300 _a83 p. :
_bilus.
490 0 _aFAO. Serie mejores cultivos
_v; 38
590 _aBATCH-UPD
_b10
_c20130110
_lUCH01
_h2007
590 _aCONVERSION
_b10
_c20130109
_lUCH01
_h1348
650 1 4 _aPiscicultura.
_988531
830 0 0 _aFAO. Serie mejores cultivos
_v; 38
_939693
901 _aBK
905 _aAlejandra Carrasco M.
942 _cFOLL
949 _aFolleto 16580
_bBC
_cFAO
_d986241
_eFAO1
_i98624
_sb
949 _aFolleto 16580
_bBC
_cFAO
_d986242
_eFAO2
_fc.2
_gDonaciØn
_i98624
_sb
999 _c87107
_d87107